00745 2200229 4500001002100000005001700021008004100038035002400079082001100103090002200114100002000136245011400156260002900270300003900299500006800338500003300406650002700439850001500466980001300481985000600494999001500500YOGYA-0209000003964720090227025509.0 ind  0010-020900000039647 a297.77 a297.77bSid KlSK aSIDIQ, Aminudin aSikap siswa SMP Muhammadiyah Komplek Kolombo Yogyakarta terhadap pendidikan Agama Islamcoleh, Aminudin Sidiq aYogyakartab[s.n.]c1995 aviii, 115, [9] lembarbilusc30 cm aSkripsi : Faklutas Tarbiyah Universitas Cokroaminoto Yogyakarta aBibliografi : lembar 114-115 aPendidikan Agama Islam aYOPDYOG(B) a01-02-08 a1 a07A0027948